• 首页
  • 本馆介绍
  • 公告通知
  • 最新文献
  • 馆藏检索
  • 电子资源
  • 读者导购
  • 参考咨询
  • 我的图书馆
  • 登录
  • 详细信息显示
  • 放入我的书架
  • 预约/预借图书
  • 作者相关作品
  • 分类相关作品
  • 丛书相关作品
  • 出版社相关作品

书目信息

  • 表格格式
  • 工作单格式
  • 卡片格式
题名:
食品工艺学概论
    
 
作者: 朱珠 , 李梦琴 主编
分册:  
出版信息: 郑州   郑州大学出版社  2014
页数: 322页
开本: 26cm
丛书名:
单 册:
中图分类: TS201.1
科图分类:
主题词: 食品工艺学--高等教育--教材
电子资源:
ISBN: 978-7-5645-1633-8
000 01053nam0 2200253 450
001 012015000102
005 20151130142537.43
010    @a978-7-5645-1633-8@dCNY38.00
100    @a20140702d2014 em y0chiy50 ea
101 0  @achi
102    @aCN@b410000
105    @aa z 000yy
106    @ar
200 1  @a食品工艺学概论@Ashi pin gong yi xue gai lun@f朱珠,李梦琴主编
210    @a郑州@c郑州大学出版社@d2014
215    @a322页@c图@d26cm
300    @a普通高等教育食品类专业“十二五”规划教材 高等学校食品类国家特色专业建设教材
330    @a本书主要介绍了食品加工的基本原理和基本工艺,并介绍了食品工艺学所研究的领域,国际、国内食品工业发展趋势。本教材在了解食品加工中所用原料来源的基础上,研究各类原料中所含的主要成分,保证作为食品原料有效利用的可行性。主要内容包括:食品加工原辅料、食品加工原理、典型食品加工工艺、副产物综合利用等。
606 0  @a食品工艺学@x高等教育@j教材
690    @aTS201.1@v5
701  0 @a朱珠@Azhu zhu@4主编
701  0 @a李梦琴@Ali meng qin@4主编
801  0 @aCN@b碧洲教育@c20151127
905    @a10447@f4@dTS201.1@e179
    
    食品工艺学概论/朱珠,李梦琴主编.-郑州:郑州大学出版社,2014
    322页:图;26cm
    普通高等教育食品类专业“十二五”规划教材 高等学校食品类国家特色专业建设教材
    
    ISBN 978-7-5645-1633-8:CNY38.00
    本书主要介绍了食品加工的基本原理和基本工艺,并介绍了食品工艺学所研究的领域,国际、国内食品工业发展趋势。本教材在了解食品加工中所用原料来源的基础上,研究各类原料中所含的主要成分,保证作为食品原料有效利用的可行性。主要内容包括:食品加工原辅料、食品加工原理、典型食品加工工艺、副产物综合利用等。
●
相关链接 在E读中查询图书 在五车中查询图书 在当当中查询图书 在豆瓣中查询图书


正题名:食品工艺学概论     索取号:TS201.1/179         预约/预借

序号 登录号 条形码 馆藏地/架位号 状态 备注
1 0871006   208710064   第二样本阅览室/ [索取号:TS201.1/179] 在馆    
2 0871007   208710073   第三借阅区/ [索取号:TS201.1/179] 在馆    
3 0871008   208710082   第三借阅区/ [索取号:TS201.1/179] 在馆    
4 0871009   208710091   密集书库-生命科学系/ [索取号:TS201.1/179] 在馆    
唐山师范学院图书馆 欢迎您!
大连网信软件有限公司© 版权所有